00515nam a22001457a 4500020000800000040001600008082001300024100003600037245010700073250001300180260005000193942001200243999001900255952009500274 qHB. cFIZZA ISHAQ a909bWIL aWilliams , Henry Smith.9134324 aThe historians' history of the world in twenty-five volumes, volume 09 Italy /cHenry Smith Williams. aVoI : IX aNew York:bPress of J. J. Little & Co,c1904. 2ddccBK c617298d617298 00102ddc4070aNQCbNQCcREFd2026-05-05l0o909 WILpQD-355r2026-05-05w2026-05-05yBK